000 00463cam a22001934a 4500
005 20250605164317.0
008 250528s ||||||||||||||||||||||||d
035 _a22730
020 _a9781405311441
040 _aGR-AtMCL
_bgre
_dGR-AtMCL
_eAACR2
245 1 _aFIRST AID FAST FOR BABIES AND CHILDREN
250 _a4
260 _bDk,
_c1994
300 _a128
700 1 _aArmstrong Vivien J.
_98443
942 _cBK
999 _c7775
_d7775